000 00632nam a2200265Ia 4500
005 20260306163928.0
008 008 260114s9999 xx 000 0 eng d
020 _a9780813038605
037 _aEBOOK
040 _aCRL
040 _beng
040 _cCRL
041 _2eng
041 _aeng
084 _qCRL
100 _aLara
_91129657
245 4 _aThe Rise Of Popular Modernist Architecture In Brazil
260 _bUniversity Press of Florida
260 _c2011
650 _aSocial Work
856 _uhttps://academic.oup.com/book/29072
942 _cEBOOK
999 _c1712055
_d1712055